|
|
|
|
| LEADER |
00000cam a22000002c 4500 |
| 001 |
1840068205 |
| 003 |
DE-627 |
| 005 |
20260417204246.0 |
| 007 |
cr uuu---uuuuu |
| 008 |
230324s1992 xx |||||o 00| ||eng c |
| 024 |
7 |
|
|a 10.3886/ICPSR09736.v1
|2 doi
|
| 035 |
|
|
|a (DE-627)1840068205
|
| 035 |
|
|
|a (DE-599)KXP1840068205
|
| 040 |
|
|
|a DE-627
|b ger
|c DE-627
|e rda
|
| 041 |
|
|
|a eng
|
| 084 |
|
|
|a 2,1
|2 ssgn
|
| 100 |
1 |
|
|a Marvell, Thomas B.
|e VerfasserIn
|4 aut
|
| 245 |
1 |
0 |
|a Impact of Sentencing Reforms and Speedy Trial Laws in the United States, 1969-1989
|
| 264 |
|
1 |
|a [Erscheinungsort nicht ermittelbar]
|b [Verlag nicht ermittelbar]
|c 1992
|
| 336 |
|
|
|a Text
|b txt
|2 rdacontent
|
| 337 |
|
|
|a Computermedien
|b c
|2 rdamedia
|
| 338 |
|
|
|a Online-Ressource
|b cr
|2 rdacarrier
|
| 520 |
|
|
|a The certainty and promptness of punishment have long been hypothesized to be important variables in deterring crime. This data collection evaluates whether sentencing reforms to enhance certainty of punishment and speedy trial laws to enhance promptness of punishment affected crime rates, prison admissions, and prison populations. Variables include state, year, crime reports, economic conditions, population (including age structure), prison population, prison releases, and prison admissions. The unit of observation is the state by the year.
|
| 540 |
|
|
|a ICPSR Terms of Use
|
| 650 |
|
4 |
|a Crime rates
|
| 650 |
|
4 |
|a Deterrence
|
| 650 |
|
4 |
|a inmate populations
|
| 650 |
|
4 |
|a Prisons
|
| 650 |
|
4 |
|a Punishment
|
| 650 |
|
4 |
|a Sentencing
|
| 650 |
|
4 |
|a sentencing reforms
|
| 650 |
|
4 |
|a Trials
|
| 655 |
|
7 |
|a Forschungsdaten
|0 (DE-588)1098579690
|0 (DE-627)857755366
|0 (DE-576)469182156
|2 gnd-content
|
| 700 |
1 |
|
|a Moody, Carlisle E. Jr
|e MitwirkendeR
|4 ctb
|
| 787 |
0 |
8 |
|i Forschungsdaten zu
|a Marvell, Thomas B.
|t Age Structure and Crime Rates: A Parting of Ways
|d [Erscheinungsort nicht ermittelbar] : United States Department of Justice, National Institute of Justice
|w (DE-627)1912453398
|
| 787 |
0 |
8 |
|i Forschungsdaten zu
|a Marvell, Thomas B.
|t Crime and Economic Trends
|d [Erscheinungsort nicht ermittelbar] : United States Department of Justice, National Institute of Justice, 1988
|w (DE-627)191249650X
|
| 787 |
0 |
8 |
|i Forschungsdaten zu
|a Liedka, Raymond V.
|t The crime-control effect of incarceration: Does scale matter?
|d 2006
|w (DE-627)1912497514
|
| 787 |
0 |
8 |
|i Forschungsdaten zu
|a Marvell, Thomas B.
|t Determinate sentencing and abolishing parole: The long-term impacts on prisons and crime
|d 1996
|w (DE-627)191251060X
|
| 787 |
0 |
8 |
|i Forschungsdaten zu
|a Levitt, Steven D., 1967 -
|t The effect of prison population size on crime rates: Evidence from prison overcrowding legislation
|d 1996
|w (DE-627)1912529548
|
| 787 |
0 |
8 |
|i Forschungsdaten zu
|a Marvell, Thomas B.
|t The impact of enhanced prison terms for felonies committed with guns
|d 1995
|w (DE-627)1912582716
|
| 787 |
0 |
8 |
|i Forschungsdaten zu
|a Marvell, Thomas B.
|t Impacts of Enhanced Penalties for Crimes With Deadly Weapons
|d Law and Society Association, 1992
|w (DE-627)1912585626
|
| 787 |
0 |
8 |
|i Forschungsdaten zu
|a Marvell, Thomas B.
|t Impacts of Sentencing Reforms on Prisons and Crime Rates
|d American Society of Criminology, 1990
|w (DE-627)1912585685
|
| 787 |
0 |
8 |
|i Forschungsdaten zu
|a Stenius, Vanja, 1973 -
|t Imprisonment and Diminishing Marginal Returns
|d [Erscheinungsort nicht ermittelbar] : State University of New Jersey, 2005
|w (DE-627)1912586592
|
| 787 |
0 |
8 |
|i Forschungsdaten zu
|a Marvell, Thomas B.
|t Is further prison expansion worth the costs?
|d 1994
|w (DE-627)1912598736
|
| 787 |
0 |
8 |
|i Forschungsdaten zu
|a Spelman, William
|t The limited importance of prison expansion
|d Cambridge University Press, 2000
|w (DE-627)1912609797
|
| 787 |
0 |
8 |
|i Forschungsdaten zu
|a Western, Bruce, 1964 -
|t Punishment and Inequality in America
|d [Erscheinungsort nicht ermittelbar] : Russell Sage Foundation, 2006
|w (DE-627)1912671093
|
| 787 |
0 |
8 |
|i Forschungsdaten zu
|a Marvell, Thomas B.
|t Sentencing guidelines and prison population growth
|d 1995
|w (DE-627)1912699281
|
| 787 |
0 |
8 |
|i Forschungsdaten zu
|a Spelman, William
|t Specifying the Relationship Between Crime and Prisons
|d 2008
|w (DE-627)1764278925
|
| 787 |
0 |
8 |
|i Forschungsdaten zu
|a Marvell, Thomas B.
|t Ultimate Impacts of Sentencing Reforms and Speedy Trial Laws, Final Report
|d [Erscheinungsort nicht ermittelbar] : United States Department of Justice, National Institute of Justice, 1991
|w (DE-627)1912731878
|
| 787 |
0 |
8 |
|i Forschungsdaten zu
|a Spelman, William
|t What recent studies do (and don't) tell us about imprisonment and crime
|d University of Chicago Press, 2000
|w (DE-627)1912747898
|
| 856 |
4 |
0 |
|u https://doi.org/10.3886/ICPSR09736.v1
|x Resolving-System
|z kostenfrei
|3 Volltext
|7 0
|
| 935 |
|
|
|a mkri
|
| 951 |
|
|
|a BO
|
| ELC |
|
|
|a 1
|
| LOK |
|
|
|0 000 xxxxxcx a22 zn 4500
|
| LOK |
|
|
|0 001 4296816071
|
| LOK |
|
|
|0 003 DE-627
|
| LOK |
|
|
|0 004 1840068205
|
| LOK |
|
|
|0 005 20230324125343
|
| LOK |
|
|
|0 008 230324||||||||||||||||ger|||||||
|
| LOK |
|
|
|0 035
|a (DE-2619)ICPSR9736
|
| LOK |
|
|
|0 040
|a DE-2619
|c DE-627
|d DE-2619
|
| LOK |
|
|
|0 092
|o n
|
| LOK |
|
|
|0 852
|a DE-2619
|
| LOK |
|
|
|0 852 1
|9 00
|
| LOK |
|
|
|0 935
|a foda
|a nacj
|
| LOK |
|
|
|0 939
|a 2023-03-24
|b l01
|
| OAS |
|
|
|a 1
|
| ORI |
|
|
|a WA-MARC-krimdoka001.raw
|